Principiantes / (Record no. 95847)

MARC details
000 -LEADER
campo de control de longitud fija 00487nam a2200169 i 4500
001 - NÚMERO DE CONTROL
campo de control 95847
003 - IDENTIFICADOR DE NÚMERO DE CONTROL
campo de control ES-MaACL
005 - FECHA Y HORA DE LA ÚLTIMA TRANSACCIÓN
campo de control 20230906181803.0
007 - CAMPO FIJO DE DESCRIPCIÓN FÍSICA--INFORMACIÓN GENERAL
campo de control de longitud fija t|
008 - DATOS DE LONGITUD FIJA--INFORMACIÓN GENERAL
campo de control de longitud fija 050606s1960 sp ||||1| spa d
100 1# - ENTRADA PRINCIPAL--NOMBRE DE PERSONA
Nombre de persona MacInnes, Colin.
9 (RLIN) 75227
245 10 - MENCIÓN DEL TÍTULO
Título Principiantes /
Mención de responsabilidad, etc. Colin MacInnes; [traducción de Baldomero Portal].
260 ## - PUBLICACIÓN, DISTRIBUCIÓN, ETC.
Lugar de publicación, distribución, etc. Barcelona :
Nombre del editor, distribuidor, etc. Seix Barral,
Fecha de publicación, distribución, etc. 1960.
300 ## - DESCRIPCIÓN FÍSICA
Extensión 245 p. ;
Dimensiones 22 cm.
700 1# - ENTRADA AGREGADA--NOMBRE PERSONAL
Nombre de persona Portal, Baldomero.
9 (RLIN) 93188
852 ## - LOCALIZACIÓN
Ubicación ES-MaACL
Número de control de estantería C-21339
Sublocalización o colección R.49594
Holdings
Estatus retirado Estado de pérdida Estado de daño No para préstamo Biblioteca de origen Biblioteca actual Ubicación en estantería Fecha de adquisición Fuente de adquisición Total de préstamos Signatura topográfica completa Código de barras Visto por última vez Precio de reemplazo Tipo de ítem Koha
        Biblioteca del Ateneo de Madrid Biblioteca del Ateneo de Madrid Galería 17/01/2008     C-21339 1100080 23/02/2023 23/02/2023 Libro impreso